Small group ministry in the 21st century : (Record no. 21552)
[ view plain ]
| 000 -LEADER | |
|---|---|
| fixed length control field | 01462cam a2200385 a 4500 |
| 001 - CONTROL NUMBER | |
| control field | 14876211 |
| 003 - CONTROL NUMBER IDENTIFIER | |
| control field | OSt |
| 005 - DATE AND TIME OF LATEST TRANSACTION | |
| control field | 20260318125545.0 |
| 008 - FIXED-LENGTH DATA ELEMENTS--GENERAL INFORMATION | |
| fixed length control field | 070602s2005 coua b 000 0 eng d |
| 010 ## - LIBRARY OF CONGRESS CONTROL NUMBER | |
| LC control number | 2007276474 |
| 020 ## - INTERNATIONAL STANDARD BOOK NUMBER | |
| International Standard Book Number | 0764427695 |
| Qualifying information | pbk. : alk. paper |
| 020 ## - INTERNATIONAL STANDARD BOOK NUMBER | |
| International Standard Book Number | 9780764427695 |
| Qualifying information | pbk. : alk. paper |
| 035 ## - SYSTEM CONTROL NUMBER | |
| System control number | 14876211 |
| 035 ## - SYSTEM CONTROL NUMBER | |
| System control number | (OCoLC)76878681 |
| 040 ## - CATALOGING SOURCE | |
| Original cataloging agency | VFY |
| Transcribing agency | VFY |
| Modifying agency | CFT |
| -- | DLC |
| 042 ## - AUTHENTICATION CODE | |
| Authentication code | lccopycat |
| 050 00 - LIBRARY OF CONGRESS CALL NUMBER | |
| Classification number | BV652.2 |
| Item number | .S58 2005 |
| 082 00 - DEWEY DECIMAL CLASSIFICATION NUMBER | |
| Classification number | 253/.7 |
| Edition number | 22 |
| 245 00 - TITLE STATEMENT | |
| Title | Small group ministry in the 21st century : |
| Remainder of title | the encyclopedia of practical ideas : Bible study, spiritual growth, service projects, special events / |
| Statement of responsibility, etc. | [contributors, M. Scott Boren ... et al.]. |
| 250 ## - EDITION STATEMENT | |
| Edition statement | 1st American pbk. ed. |
| 260 ## - PUBLICATION, DISTRIBUTION, ETC. (IMPRINT) | |
| Place of publication, distribution, etc. | Loveland, Colo. : |
| Name of publisher, distributor, etc. | Group, |
| Date of publication, distribution, etc. | 2005. |
| 300 ## - PHYSICAL DESCRIPTION | |
| Extent | 253 p. : |
| Other physical details | ill. ; |
| Dimensions | 26 cm. |
| 336 ## - CONTENT TYPE | |
| Content type term | text |
| Content type code | txt |
| Source | rdacontent |
| 337 ## - MEDIA TYPE | |
| Media type term | unmediated |
| Media type code | n |
| Source | rdamedia |
| 338 ## - CARRIER TYPE | |
| Carrier type term | volume |
| Carrier type code | nc |
| Source | rdacarrier |
| 504 ## - BIBLIOGRAPHY, ETC. NOTE | |
| Bibliography, etc | "Group Publishing's small group resources": p. 252-253. |
| 650 #0 - SUBJECT ADDED ENTRY--TOPICAL TERM | |
| Topical term or geographic name as entry element | Church group work. |
| 650 #0 - SUBJECT ADDED ENTRY--TOPICAL TERM | |
| Topical term or geographic name as entry element | Small groups |
| General subdivision | Religious aspects |
| -- | Christianity. |
| 700 1# - ADDED ENTRY--PERSONAL NAME | |
| Personal name | Boren, M. Scott. |
| 856 41 - ELECTRONIC LOCATION AND ACCESS | |
| Materials specified | Table of contents |
| Uniform Resource Identifier | <a href="http://www.loc.gov/catdir/toc/fy0801/2007276474.html">http://www.loc.gov/catdir/toc/fy0801/2007276474.html</a> |
| 906 ## - LOCAL DATA ELEMENT F, LDF (RLIN) | |
| a | 7 |
| b | cbc |
| c | copycat |
| d | 2 |
| e | ncip |
| f | 20 |
| g | y-gencatlg |
| 942 ## - ADDED ENTRY ELEMENTS (KOHA) | |
| Source of classification or shelving scheme | Library of Congress Classification |
| Koha item type | General Collection |
| Withdrawn status | Lost status | Source of classification or shelving scheme | Not for loan | Home library | Current library | Shelving location | Date acquired | Source of acquisition | Inventory number | Total Checkouts | Full call number | Barcode | Date last seen | Copy number | Price effective from | Koha item type |
|---|---|---|---|---|---|---|---|---|---|---|---|---|---|---|---|---|
| Library of Congress Classification | Kabarak, Main Campus | Kabarak, Main Campus | General Stacks | 18/03/2026 | Donation | 2025/2795 | BV652.2 .S58 2005 C.1 | 39801 | 18/03/2026 | C.1 | 18/03/2026 | General Collection |